1425 1199 1944 1918 1913 1086 1495 1297 1728 1175 1343 1538 1449 1058 1556 1117 1326 1863 1839 1033 1072 1562 1575 1761 1407 1848 1661 1602 1295 1139 1476 1833 1574 1072 1475 1163 1225 1114 1586 1101 1812 1744 1334 1581 1006 1481 1979 1284 1008 1965 1462 1030 1854 1487 1021 1433 1539 1304 1522 1503 1607 1010 1296 1137 1651 1788 1229 1801 1965 1523 1878 1818 1132 1289 1007 1183 1775 1199 1488 1375 1438 1252 1982 1751 1341 1932 1230 1635 1872 1017 1716 1494 1394 1562 1028 1021 1100 1133 1327 BCNSPRNW ULIB Ver.6.0+V

เปลี่ยนเป็นภาษาไทย

Change to English
 แสดงรายละเอียดบรรณานุกรม
  กลับหน้าหลัก

Brief Record : Get Marc (ISO 2709) : E-mail record : QR code < ปิดหน้าต่าง
LEADER : 00000nam 2200000uu 4500
001    13399123390
003     ULIB
008    140910s2556||||th 000 0 tha d
020    ^a9789744226938
060 04 ^aWC528^bศ466ก
110 1  กระทรวงสาธารณสุข.^bกรมการแพทย์.^bสถาบันสุขภาพเด็กแห่งชาติมหาราชินี
245 00 ^aการวินิจฉัยและรักษาโรคไข้เลือดออกเดงกี. /^cสถาบันสุขภาพเด็กแห่งชาติมหาราชินี
250    ^aพิมพ์ครั้งที่ 2
260    ^aนนทบุรี :^bกระทรวงสาธารณสุข,^c2556
300    ^a202 หน้า ;^c15 ซม.
650  7 ^aไข้เลือดออก^xการรักษา
650  7 ^aไข้เลือดออก^xการวินิจฉัย
650  7 ^aเด็งกี^xการรักษา
650  7 ^aเด็งกี^xการวินิจฉัย
700 0  ศิริเพ็ญ กัลยาณรุจ,^eบรรณาธิการ
700 0  มุกดา หวังวีรวงค์,^eบรรณาธิการ
700 0  วารุณี วัชรเสวี,^eบรรณาธิการ
945    ^p0^l0^i20442
945    ^p0^l0^i20443
945    ^p0^l0^i20444
945    ^p0^l0^i20445
945    ^p0^l0^i20446
995    ^aทศพร
999    ^aทศพร เกษรทอง
รายการนี้ยังไม่มีแท็ก
คุณยังไม่ได้ล็อกอิน คุณสามารถมีกิจกรรมร่วมกับเว็บไซต์ได้ แต่ต้องล็อกอินก่อน ::
  ล็อกอิน

รายการสื่อสารสนเทศ

ลำดับที่ ประเภท เลขเรียก/บาร์โค้ด สถานที่ สถานะ
1. วิทยาศาสตร์การแพทย์ และสุขภาพ
หนังสือสำรอง
สถานะ=หนังสือสำรอง
WC528 ศ466ก ฉ.1 
  Barcode: 20442
ห้องสมุดวิทยาเขตนครสวรรค์
►หนังสือทั่วไป:l:General Books
บนชั้น
Note:อภินันทนาการ
2. วิทยาศาสตร์การแพทย์ และสุขภาพ
วิทยาศาสตร์การแพทย์ และสุขภาพ
WC528 ศ466ก ฉ.2 
  Barcode: 20443
ห้องสมุดวิทยาเขตนครสวรรค์
►หนังสือทั่วไป:l:General Books
บนชั้น
Note:อภินันทนาการ
3. วิทยาศาสตร์การแพทย์ และสุขภาพ
วิทยาศาสตร์การแพทย์ และสุขภาพ
WC528 ศ466ก ฉ.3 
  Barcode: 20444
ห้องสมุดวิทยาเขตนครสวรรค์
►หนังสือทั่วไป:l:General Books
บนชั้น
Note:อภินันทนาการ
4. วิทยาศาสตร์การแพทย์ และสุขภาพ
วิทยาศาสตร์การแพทย์ และสุขภาพ
WC528 ศ466ก ฉ.4 
  Barcode: 20445
ห้องสมุดวิทยาเขตนครสวรรค์
►หนังสือทั่วไป:l:General Books
บนชั้น
Note:อภินันทนาการ
5. วิทยาศาสตร์การแพทย์ และสุขภาพ
วิทยาศาสตร์การแพทย์ และสุขภาพ
WC528 ศ466ก ฉ.5 
  Barcode: 20446
ห้องสมุดวิทยาเขตนครสวรรค์
►หนังสือทั่วไป:l:General Books
บนชั้น
Note:อภินันทนาการ

BibComment


ยังไม่เคยถูกคอมเมนท์

คอมเมนท์ทรัพยากรรายการนี้
  คอมเมนท์: การวินิจฉัยและรั..


 Copyright 2026. Bcnsprnw @Library